Úvod do syntagmatiky

Hlavní autor: Holý, Jiří, 1913-2002
Jazyk: Slovenština
Vydáno: Bratislava, 1970
Knihy
Uloženo v:
LEADER 00482nam a22001692a 4500
001 000248294
003 CZ BrMZK
005 19961101143423.0
007 ta
008 950101s1970 xo f slo d
040 |a BOA001  |b cze 
100 1 |a Holý, Jiří,  |d 1913-2002  |7 jk01041852 
245 1 0 |a Úvod do syntagmatiky 
260 |a Bratislava,  |c 1970 
910 |a BOA001  |b 4-0658.640 
990 |a BK 
996 7 |b 2619901778  |c 4-0658.640  |l MZK  |r Sklad / do 1 hodiny  |n 3  |w 000248294  |u 000010  |a 1  |e BOA001  |j MZK50  |s A